000 004930000a22001810004500
999 _c47424
_d47424
001 167
003 CO-MdFUSB
005 20170816143924.0
008 170816b xxu||||| |||| 00| 0 eng d
040 _cCO-MdBIC
082 0 4 _a863C C490bm
100 1 _aCinetto, Liliana
245 1 0 _aBiblioteca de los pequeños Lectores : Cuentos maravillosos / Liliana Cinetto, il. : Carlos Paura
260 _aBuenos aires : Austral
300 _a88 p.
650 1 4 _aLiteratura Infantil
942 _cLGB